A320 variants quiz - Statistics

General Stats
  • This quiz has been taken 23 times
  • The average score is 8 of 12
Answer Stats
Manufacturer Variant % Correct
Airbus A320NEO
100%
Airbus A320-200
93%
Airbus A320-100
80%
Airbus A321NEO
80%
Airbus A318-100
73%
Airbus A319-100
73%
Airbus A321-200
73%
Airbus A319NEO
67%
Airbus A321-100
67%
Airbus A321XLR
60%
Airbus A321LR
47%
Airbus A319LR
13%
No matching quizzes found
Score Distribution
Percent of People with Each Score
Percentile by Number Answered
Your Score History
You have not taken this quiz